LIBRARY & INFORMATION CENTRE, KCAET, TAVANUR

ONLINE PUBLIC ACCESS CATALOGUE (OPAC)

Climatic Variability Impacts on agriculture and Allied Sectors (Record no. 14491)

MARC details
000 -LEADER
fixed length control field 00404nam a22001457a 4500
020 ## - INTERNATIONAL STANDARD BOOK NUMBER
ISBN 9789381450949
082 ## - DEWEY DECIMAL CLASSIFICATION NUMBER
Classification number 551.6
Item number MRI/CL
100 ## - MAIN ENTRY--AUTHOR NAME
Personal name Mrinmoy Datta
100 ## - MAIN ENTRY--AUTHOR NAME
Personal name Dhiman Daschaudhuri
100 ## - MAIN ENTRY--AUTHOR NAME
Personal name Nagachan,S.V
245 ## - TITLE STATEMENT
Title Climatic Variability Impacts on agriculture and Allied Sectors
260 ## - PUBLICATION, DISTRIBUTION, ETC. (IMPRINT)
Place of publication New delhi
Name of publisher New India Publishing Agency
Year of publication 2014
300 ## - PHYSICAL DESCRIPTION
Number of Pages 365
942 ## - ADDED ENTRY ELEMENTS (KOHA)
Koha item type Books
Holdings
Withdrawn status Lost status Damaged status Collection code Home library Current library Shelving location Date acquired Source of acquisition Cost, normal purchase price Full call number Accession Number Koha item type
        KAUAET KAUAET General Stacks 08/07/2016 Arunima Book Distributors,TVPM 1820.00 551.6 MRI/CL 24808 Books
free website counter